| 000 | 00424nam a22001457u 4500 | ||
|---|---|---|---|
| 008 | 130405s¿1906? xxu||||| |||| 00| 0 fre d | ||
| 041 | _afre | ||
| 100 | 1 |
_aChabot. Monseigneur _920028 |
|
| 245 | 0 | 0 |
_aLes crèches de Noël dans tous les pays _cCHABOT. Monseigneur |
| 260 |
_aPithiviers: _bImpr.Moderne, _c¿1906? |
||
| 300 |
_a128 p. _c;17 cm. |
||
| 650 | 0 | 4 |
_aLiturgia _xNavidad y adviento _918909 |
| 942 | _cBK | ||
| 001 | 4309 | ||
| 999 |
_c262285 _d262285 |
||